Contabilidad de costos: un enfoque administrativo y de gerencia
Guardado en:
| Autores principales: | , |
|---|---|
| Formato: | Libro |
| Lenguaje: | español |
| Publicado: |
Bogotá
McGraw-Hill
1981
|
| Materias: | |
| Etiquetas: |
Agregar Etiqueta
Sin Etiquetas, Sea el primero en etiquetar este registro!
|
MARC
| LEADER | 00000nam a2200000 a 4500 | ||
|---|---|---|---|
| 001 | UCR8743 | ||
| 003 | CL-VaPUC | ||
| 008 | 980529e19810000CK |||||||||||||||||spa|d | ||
| 082 | 0 | 4 | |a 657.4 |b BAC |2 21 |
| 100 | 0 | |a Backer, Morton |e author |9 410911 | |
| 700 | 0 | |a Jacobsen, Lyle |e author |9 410912 | |
| 245 | 1 | 0 | |a Contabilidad de costos: un enfoque administrativo y de gerencia |
| 300 | |a 734 p | ||
| 942 | |c BK | ||
| 945 | |d 19980529 00:00:00 |a crobeson | ||
| 260 | |a Bogotá |b McGraw-Hill |c 1981 | ||
| 650 | 0 | |a Contabilidad de costos |9 260564 | |
| 650 | 0 | |a Contabilidad gerencial |9 263747 | |
| 583 | |a last modification |c 19980529 00:00:00 |k Rodrigo Vera | ||
| 999 | |c 270138 |d 270136 | ||
| 952 | |0 0 |1 0 |4 0 |6 657_400000000000000_BAC_1981 |7 0 |8 A |9 304271 |a BIBENE |b BIBENE |d 2019-11-20 |i 1405950 |o 657.4 BAC 1981 |p 1405950 |r 2025-01-15 |w 2019-11-20 |y BK |k ICO | ||
| 952 | |0 0 |1 0 |4 0 |6 657_400000000000000_BAC_1981 |7 0 |8 A |9 304272 |a BIBENE |b BIBENE |d 2019-11-20 |i 1405969 |o 657.4 BAC 1981 |p 1405969 |r 2025-01-15 |w 2019-11-20 |y BK |k ICO | ||
| 952 | |0 0 |1 0 |4 0 |6 657_400000000000000_BAC_1981 |7 0 |8 A |9 304273 |a BIBENE |b BIBENE |d 2019-11-20 |i 1405977 |o 657.4 BAC 1981 |p 1405977 |r 2025-01-15 |w 2019-11-20 |y BK |k ICO | ||